Soạn thảo văn bản của các tổ chức Đảng, mặt trận, công đoàn, thanh niên, phụ nữ cấp cơ sở và trên cơ sở

সংরক্ষণ করুন:
গ্রন্থ-পঞ্জীর বিবরন
প্রধান লেখক: Lê Văn In
বিন্যাস: গ্রন্থ
ভাষা:Undetermined
প্রকাশিত: H. CTQG 2002
বিষয়গুলি:
ট্যাগগুলো: ট্যাগ যুক্ত করুন
কোনো ট্যাগ নেই, প্রথমজন হিসাবে ট্যাগ করুন!
Thư viện lưu trữ: Trung tâm Học liệu Trường Đại học Cần Thơ
LEADER 00609nam a2200193Ia 4500
001 CTU_59188
008 210402s9999 xx 000 0 und d
020 |b 46000 
082 |a 651.29 
082 |b I.311 
100 |a Lê Văn In 
245 0 |a Soạn thảo văn bản của các tổ chức Đảng, mặt trận, công đoàn, thanh niên, phụ nữ cấp cơ sở và trên cơ sở 
245 0 |c Lê Văn In 
260 |a H. 
260 |b CTQG 
260 |c 2002 
650 |a office practice 
904 |i Minh 
980 |a Trung tâm Học liệu Trường Đại học Cần Thơ